Demanda incoada en el juzgado de estranjeria [sic] de esta corte por D. Manuel Timoner Ruiz con Mr. Pedro Garavétty, contratista general de obras en la dicha línea, sobre indemnización de daños y perjuicios por falta de cumplimiento de contrato. (Record no. 166309)

MARC details
000 -LEADER
campo de control de longitud fija 01158nam a2200253 i 4500
001 - NÚMERO DE CONTROL
campo de control 166309
003 - IDENTIFICADOR DE NÚMERO DE CONTROL
campo de control ES-MaACL
005 - FECHA Y HORA DE LA ÚLTIMA TRANSACCIÓN
campo de control 20230906213314.0
008 - DATOS DE LONGITUD FIJA--INFORMACIÓN GENERAL
campo de control de longitud fija 050913s1862 sp | |||||||| ||spa d
080 ## - NÚMERO DE LA CLASIFICACIÓN DECIMAL UNIVERSAL
Número de la Clasificación Decimal Universal 34.096 Garavetty, Pedro
080 ## - NÚMERO DE LA CLASIFICACIÓN DECIMAL UNIVERSAL
Número de la Clasificación Decimal Universal 34.096 Timoner Ruiz, Manuel
080 ## - NÚMERO DE LA CLASIFICACIÓN DECIMAL UNIVERSAL
Número de la Clasificación Decimal Universal 34.096 Compañía de los Caminos de Hierro del Norte de España
080 ## - NÚMERO DE LA CLASIFICACIÓN DECIMAL UNIVERSAL
Número de la Clasificación Decimal Universal 347.447.7(460)
100 1# - ENTRADA PRINCIPAL--NOMBRE DE PERSONA
Nombre de persona Timoner Ruiz, Manuel.
9 (RLIN) 133256
245 10 - MENCIÓN DEL TÍTULO
Título Demanda incoada en el juzgado de estranjeria [sic] de esta corte por D. Manuel Timoner Ruiz con Mr. Pedro Garavétty, contratista general de obras en la dicha línea, sobre indemnización de daños y perjuicios por falta de cumplimiento de contrato.
260 ## - PUBLICACIÓN, DISTRIBUCIÓN, ETC.
Lugar de publicación, distribución, etc. Madrid :
Nombre del editor, distribuidor, etc. [s.n.],
Fecha de publicación, distribución, etc. 1862 (
Fabricante Imp. de Pedro Montero)
300 ## - DESCRIPCIÓN FÍSICA
Extensión 27 p. ;
Dimensiones 26 cm.
594 ## - Nota al título y mención de responsabilidad
Nota al título y mención de responsabilidad Precede al tít.: Ferro-carril del Norte de España
600 14 - PUNTO DE ACCESO ADICIONAL DE MATERIA--NOMBRE DE PERSONA
Nombre de persona Garavétty, Pedro.
9 (RLIN) 127199
600 14 - PUNTO DE ACCESO ADICIONAL DE MATERIA--NOMBRE DE PERSONA
Nombre de persona Timoner Ruiz, Manuel.
9 (RLIN) 133256
610 24 - PUNTO DE ACCESO ADICIONAL DE MATERIA--NOMBRE DE ENTIDAD CORPORATIVA
Nombre de entidad corporativa o nombre de jurisdicción como elemento de entrada Compañia de los Caminos de Hierro del Norte de España.
9 (RLIN) 3117
700 1# - ENTRADA AGREGADA--NOMBRE PERSONAL
Nombre de persona Garavétty, Pedro.
9 (RLIN) 127199
852 4# - LOCALIZACIÓN
Ubicación ES-MaACL
Número de control de estantería T-75-F-2
Nota libre - Enc. hol.
-- - Enc. en un vol. facticio
Holdings
Estatus retirado Estado de pérdida Estado de daño No para préstamo Colección Biblioteca de origen Biblioteca actual Ubicación en estantería Fecha de adquisición Total de préstamos Signatura topográfica completa Código de barras Visto por última vez Precio de reemplazo Tipo de ítem Koha
        Colección de folletos Biblioteca del Ateneo de Madrid Biblioteca del Ateneo de Madrid Depósito folletos 17/01/2008   T-75-F-2 1174414 23/02/2023 23/02/2023 Folleto